000 00434nam a2200145 i 4500
001 58723
003 ES-MaACL
007 t|
008 031023s1927 sp ||||1| spa d
100 1 _aDusmet Arizcun, Javier.
_946340
245 1 0 _aDos grandes aventuras espaƱolas del siglo XVI /
_cXavier Dusmet de Arizcun.
260 _aMadrid :
_b[s.n.,
_c1927] (
_fHesperia)
300 _a154 p. ;
_c22 cm.
852 _aES-MaACL
_jC-5842
_bR.34737
999 _c58723
_d58723